Statistics for AEW wrestlers

Click here to take the quiz!

General Stats

  • This quiz has been taken 160 times
  • The average score is 51 of 95

Answer Stats

HintAnswer% Correct
Judas effectChris Jericho
96%
Leader of the eliteKenny omega
93%
Cowboy S**tAdam Page
91%
D.M.DBritt Baker
88%
The American NightmareCody rhodes
88%
2nd AEW world championJon Moxley
88%
Maxwell Jacob FriedmanMJF
88%
Freshly squeezedOrange Cassidy
86%
First member of the inner circle to become TNT championSammy Guevara
84%
Bay BayAdam Cole
83%
_____ ___ jack perryJungle Boy
82%
The american dragonBryan Danielson
79%
Half of the young bucks/Older brotherMatt Jackson
76%
Half of the young bucks/Younger brotherNick Jackson
76%
All egoEthan Page
74%
Lucha dinosaurLuchasaurus
74%
The bas***dPac
73%
Owner of AEWTony Khan
69%
Billy Gunn's sonAustin Gunn
68%
Mr. ______ ___Brodie Lee
68%
Commentator/ Wears cowboy hatJim Ross
68%
The native beastNyla Rose
68%
Powerhouse of team TazPowerhouse hobbs
68%
Half deadDarby Allin
67%
The chairmanShawn Spears
67%
Powerhouse of Inner circleJake Hager
66%
Worlds strongest manMark henry
66%
Former member of team TazBrian Cage
65%
Scorpion deathlockSting
65%
The Butchers tag team partnerThe blade
65%
The first part of his name means c-hick m-agnetCm punk
63%
EXCUSE ME!!!Vickie Guerrero
63%
Murderhawk MonsterLance Archer
62%
Gods favorite championMiro
61%
Half of the Lucha bros/Younger brotherRey Fenix
61%
Billy Gunn's other sonColten Gunn
60%
The naturalDustin Rhodes
60%
House of BlackMalakai Black
60%
Half of varsity blondes/ son of former WWE wrestlerBrian pillman jr
59%
Paints half of her face like a sugar skullThunder Rosa
59%
PlatinumMax Caster
58%
Big money ____Matt Hardy
57%
Leader of the dark orderEvil Uno
56%
The galaxys greatest alienKris Statlander
56%
Mr. MayhemWardlow
56%
Mad kingEddie Kingston
54%
Commentator/ Wears lucha maskExcalibur
54%
The queenslayerAnna Jay
53%
Only woman referee in AEWAubrey Edwards
52%
Part of the elite/ Sprays cold spray on the wrestlersBrandon Cutler
52%
Married to the bladeBunny
52%
Living dead girlAbadon
51%
Half of varsity blondes/ Part of Sammy Guevara's vlog crewGriff Garrison
51%
not rebaRebel
51%
Mr. fun sizeMarko Stunt
50%
Leader of the factoryQt Marshall
50%
The runawayRuby Soho
48%
The youngest member of the dark orderNegative 1
47%
Sammy Guevara's best friend / LuchadorFuego Del Sol
46%
#5 of the dark orderAlan Angels
44%
CheerleaderJulia Hart
44%
Superbad/ Underrated, over itKip Sabian
44%
san____santana
44%
The elite hunterFrankie Kazarian
43%
No more B.SPaul Wight
43%
Weird guy in chaos projectLuther
42%
or___ortiz
42%
Leader of American top teamDan Lambert
41%
The bad girlPenelope ford
41%
#10 in dark orderPreston Vance
41%
Half of the Lucha bros/Older brotherPenta El Zero M
40%
Chavo Guerrero used to be his managerAndrade el idolo
39%
Boom BoomColt Cabana
39%
CaptainShawn dean
39%
Luchador in chaos projectSerpentico
38%
smallest member of the factoryAaron Solo
36%
The Kentucky gentlemanChuck Taylor
36%
First to get 50 wins in a row in AEWHikaru Shida
35%
The librarianLeva Bates
34%
LegitLeyla Hirsch
34%
Leader of AEW HeelsBrandi Rhodes
33%
The bad boyJoey Janela
33%
Adam cole accused him for trying to take Britt BakerTony Schiavone
33%
Instant classicChristian Cage
32%
PrettyPeter Avalon
32%
The five-tool playerAnthony Bowens
30%
Big shottyLee Johnson
30%
The concrete roseSonny Kiss
29%
Red deathDaniel Garcia
28%
Angel DoradoDante Martin
26%
Hairy man in the factoryNick Comoroto
26%
?Trent?
22%
The Guv'norAnthony Ogogo
20%
Air wolfDarius Martin
18%
Big magicMatt Lee
9%

Score Distribution

Percentile by Number Answered

Percent of People with Each Score

Your Score History

You have not taken this quiz